El hombre como problema y misterio: apuntes sobre antropología filosófica desde una perspectiva cristiana

Uloženo v:
Podrobná bibliografie
Hlavní autor: López Escalona, Sara (autora)
Médium: Kniha
Jazyk:španělština
Vydáno: Santiago Paulinas 1984
Edice:Colección Pedagógica
Témata:
Tagy: Přidat tag
Žádné tagy, Buďte první, kdo vytvoří štítek k tomuto záznamu!

MARC

LEADER 00000nam a2200000 a 4500
001 UCX3436
003 CL-VaPUC
008 911106e19840000CL |||||||||||||||||spa|d
082 0 4 |a 128  |b LOP  |2 21 
100 |a López Escalona, Sara  |e autora  |9 579144 
245 1 3 |a El hombre como problema y misterio: apuntes sobre antropología filosófica desde una perspectiva cristiana 
300 |a 93 p 
942 |c BK 
945 |d 19911106 00:00:00 
260 |a Santiago  |b Paulinas  |c 1984 
650 0 |a Antropología filosófica  |9 265842 
583 |a last modification  |c 19911106 00:00:00  |k Rodrigo Vera 
490 0 |a Colección Pedagógica 
999 |c 224202  |d 224200 
952 |0 0  |1 0  |4 0  |6 128_000000000000000_LOP_1984  |7 0  |8 A  |9 220684  |a BIBTEO  |b BIBTEO  |d 2019-11-15  |i 289405K  |o 128 LOP 1984  |p 289405K  |r 2025-01-17  |w 2019-11-15  |y BK  |k ICR 
952 |0 0  |1 0  |4 0  |6 128_000000000000000_LOP_1984  |7 0  |8 A  |9 220685  |a BIBTEO  |b BIBTEO  |d 2019-11-15  |i 2894068  |o 128 LOP 1984  |p 2894068  |r 2025-01-17  |w 2019-11-15  |y BK  |k ICR 
952 |0 0  |1 0  |4 0  |6 128_000000000000000_LOP_1984  |7 0  |8 A  |9 220686  |a BIBEDU  |b BIBEDU  |d 2019-11-15  |i 1503170  |o 128 LOP 1984  |p 1503170  |r 2019-11-15  |w 2019-11-15  |y BK  |k EDU 
952 |0 0  |1 0  |4 0  |6 128_000000000000000_LOP_1984  |7 0  |8 A  |9 220687  |a BIBEDU  |b BIBEDU  |d 2019-11-15  |i 1602594  |o 128 LOP 1984  |p 1602594  |r 2019-11-15  |w 2019-11-15  |y BK  |k EDU 
952 |0 0  |1 0  |4 0  |6 128_000000000000000_LOP_1984  |7 0  |8 A  |9 220689  |a BIBTEO  |b BIBTEO  |d 2019-11-15  |i 2076004  |o 128 LOP 1984  |p 2076004  |r 2025-01-17  |w 2019-11-15  |y BK  |k ICR 
952 |0 0  |1 0  |4 0  |6 128_000000000000000_LOP_1984  |7 0  |8 A  |9 220690  |a FDOPOS  |b FDOPOS  |d 2019-11-15  |i 4318129  |o 128 LOP 1984  |p 4318129  |r 2025-01-22  |w 2019-11-15  |y BK  |k MLA